Pokémon- Les lieux de rencontre des PNJ importants - Statistiques

Statistiques générales
  • Ce quiz a été pris 23 fois
    6 depuis la dernière actualisation
  • Le résultat moyen est 23 sur 40
Statistiques - réponses
PNJ important Premier lieu de rencontre % Correct
Arthur Musée Océanographique
100%
Professeur Chen Route 1
100%
Guido Arène d'Argenta
80%
Dianthéa Café Soleil
80%
Professeur Platane Laboratoire du Professeur Platane
80%
Hélio Mont Couronné
80%
Elsa-Mina Paradis Aether
80%
Peter Plateau Indigo
80%
Cynthia Vestigion
80%
Sannah Bourg Croquis
60%
Celestia Bourg Geon
60%
Silver Bourg Geon
60%
Giovanni Casino Rocket
60%
Timmy Clémenti-Ville
60%
Scott Clémenti-Ville
60%
Fargas Ecorcia
60%
Beladonis Féli-Cité
60%
Sonya Laboratoire Pokémon
60%
Saturne Lac Courage
60%
Pierrick Mine Charbourg
60%
Travis Motorby
60%
Oryse Ogoesse
60%
Trovato Quarellis
60%
Bianca Renouet
60%
A.Z Route 13
60%
Léo Route 25
60%
Eusine Tour Cendrée
60%
N Arabelle
40%
Amaryllis Bourg-en-Vol
40%
Nikolai Egouts de Volucité
40%
Pierre Rochard Grotte Granite
40%
Armand Ile de Fer
40%
Professeur Sorbier Rive du Lac Vérité
40%
Goyah Route 5
40%
Gladio Route 5
40%
Lilie Sentier de Mahalo
40%
Cornelia Cromlac'h
20%
Alexia Neuvartault
20%
Guzma Parc de Malié
20%
Trio des Ombres Grotte Electrolithe
0%
Aucun quiz correspondant
Distribution des résultats
% des personnes avec chaque résultat
Percentile par nombre de réponses
Votre historique - résultats
Vous n’avez pas pris ce quiz depuis la dernière actualisation